| Tag |
First Indicator |
Second Indicator |
Subfields |
| LEADER |
00000cam a2200000Mi 4500 |
| 001 |
in00003569839 |
| 006 |
m o d |
| 007 |
cr mnu---uuaaa |
| 008 |
121227s1993 au a o 000 0 eng |
| 005 |
20260422210949.9 |
| 020 |
|
|
|a 9783709193020 (electronic bk.)
|
| 020 |
|
|
|a 3709193028 (electronic bk.)
|
| 020 |
|
|
|z 9783709193044
|
| 020 |
|
|
|z 3709193044
|
| 035 |
|
|
|a (OCoLC)851387372
|
| 040 |
|
|
|a AU@
|b eng
|c AU@
|d OCLCQ
|d OCLCO
|d GW5XE
|d OCLCF
|d UtOrBLW
|
| 049 |
|
|
|a TXAM
|
| 050 |
|
4 |
|a RD592.5-596
|
| 072 |
|
7 |
|a MNN
|2 bicssc
|
| 072 |
|
7 |
|a MED085010
|2 bisacsh
|
| 082 |
0 |
4 |
|a 617.48
|2 23
|
| 100 |
1 |
|
|a Unterberg, Andreas W.
|
| 245 |
1 |
0 |
|a Monitoring of Cerebral Blood Flow and Metabolism in Intensive Care /
|c edited by Andreas W. Unterberg, Gerd-Helge Schneider, Wolfgang R. Lanksch.
|
| 264 |
|
1 |
|a Vienna :
|b Springer Vienna,
|c 1993.
|
| 300 |
|
|
|a 1 online resource (viii, 125 pages 76 illustrations)
|
| 336 |
|
|
|a text
|b txt
|2 rdacontent
|
| 337 |
|
|
|a computer
|b c
|2 rdamedia
|
| 338 |
|
|
|a online resource
|b cr
|2 rdacarrier
|
| 490 |
1 |
|
|a Acta Neurochirurgica,
|x 0065-1419 ;
|v 59
|
| 520 |
|
|
|a Until recently the determination of cerebral blood flow was limited to intermittent measurements and particulary difficult to perform in critically ill patients. Monitoring of cerebral blood flow was an unreached goal. This book gives an update of the methods nowadays available to measure and monitor cerebral blood flow and cerebral oxygenation, especially in critically ill patients. In a first chapter various techniques to measure cerebral blood flow discontinuously are discussed, like the Kety-Schmidt technique, 133-Xenon-CBF and CT-CBF with stable synon. Thereafter various methods to continuously estimate cerebral blood flow are described, like thermodiffusion techniques, monitoring of tissue pO2, dopplersonography, laser-doppler-spectropscopy, near infrared spectroscopy and monitoring of oxygen saturation in the jugular bulb. The last method is highlighted and extensively discussed with its different indications.
|
| 500 |
|
|
|a Electronic resource.
|
| 650 |
|
0 |
|a Medicine.
|
| 650 |
|
0 |
|a Neurosciences.
|
| 650 |
|
0 |
|a Anesthesiology.
|
| 650 |
|
0 |
|a Critical care medicine.
|
| 650 |
|
0 |
|a Neurology.
|
| 650 |
|
0 |
|a Nervous system
|x Surgery.
|
| 650 |
|
7 |
|a Anesthesiology.
|2 fast
|0 (OCoLC)fst00808683
|
| 650 |
|
7 |
|a Critical care medicine.
|2 fast
|0 (OCoLC)fst00883647
|
| 650 |
|
7 |
|a Medicine.
|2 fast
|0 (OCoLC)fst01014893
|
| 650 |
|
7 |
|a Nervous system
|x Surgery.
|2 fast
|0 (OCoLC)fst01036143
|
| 650 |
|
7 |
|a Neurology.
|2 fast
|0 (OCoLC)fst01036390
|
| 650 |
|
7 |
|a Neurosciences.
|2 fast
|0 (OCoLC)fst01036509
|
| 655 |
|
7 |
|a Electronic books.
|2 local
|
| 700 |
1 |
|
|a Schneider, Gerd-Helge.
|
| 700 |
1 |
|
|a Lanksch, Wolfgang R.
|
| 710 |
2 |
|
|a SpringerLink (Online service)
|
| 776 |
1 |
8 |
|i Print version:
|z 9783709193044
|
| 830 |
|
0 |
|a Acta Neurochirurgica ;
|v 59.
|
| 856 |
4 |
0 |
|u http://proxy.library.tamu.edu/login?url=https://link.springer.com/10.1007/978-3-7091-9302-0
|z Connect to the full text of this electronic book
|t 0
|
| 994 |
|
|
|a 92
|b TXA
|
| 999 |
|
|
|a MARS
|
| 999 |
f |
f |
|s c1db7b4d-fab2-3be1-b2f1-d4a9e2d10e32
|i a8082aad-ef7e-3300-922b-cc3668515e15
|t 0
|
| 952 |
f |
f |
|a Texas A&M University
|b College Station
|c Electronic Resources
|s www_evans
|d Available Online
|t 0
|e RD592.5-596
|h Library of Congress classification
|
| 998 |
f |
f |
|a RD592.5-596
|t 0
|l Available Online
|